00705nam a2200241 a 4500001001300000003000900013005001700022008004100039020000900080082001700089100003000106245003100136260003300167300000800200500003500208505002400243650004000267700003000307902000800337942000700345952009600352999001500448nice12345678IN_TiNIC20260116012410.0050524s1978 dela grp 000 0 eng  ac1200a297.24bALAM aAlam Badre, Syed Muhammad aDescension of Jesus Christ aDelhibDini Book Depotc1978 a48p aincludes index and biblioraphy2 aBibliography, Index aJesus Christ-Islamic Interpretation1 aAlam Badre, Syed Muhammad bSRS cBK 00104070aHMIbHMId2010-08-06g12.00l0o297.24 ALIp011601r2010-08-06w2026-01-16yBK c6866d6866